Most expensive football transfers - Central Midfielders - Statistics

General Stats
  • This quiz has been taken 35 times
  • The average score is 11 of 13
Answer Stats
Fee (M €) Season Nationality Left Joined Player % Correct
121,00 2022-2023 Argentina Benfica Chelsea Enzo Fernández
97%
86,00 2019-2020 Netherlands Ajax Barcelona Frenkie de Jong
97%
105,00 2016-2017 France Juventus Manchester United Paul Pogba
97%
70,00 2023-2024 Hungary RB Leipzig Liverpool Dominik Szoboszlai
91%
60,00 2018-2019 Guinea RB Leipzig Liverpool Naby Keïta
91%
59,00 2018-2019 Brazil Shakhtar D. Manchester United Fred
85%
45,00 2023-2024 Italy Paris SG Al-Arabi SC Marco Verratti
82%
60,00 2020-2021 Bosnia and Herzegovina Juventus Barcelona Miralem Pjanic
82%
45,00 2019-2020 Croatia Real Madrid Chelsea Mateo Kovacic
79%
62,00 2023-2024 Brazil / Portugal Wolverhampton Manchester City Matheus Nunes
74%
45,00 2022-2023 Brazil / Portugal Sporting CP Wolverhampton Matheus Nunes
74%
45,00 2019-2020 Belgium Monaco Leicester Youri Tielemans
74%
62,00 2019-2020 France Olympique Lyon Tottenham Tanguy Ndombélé
71%
No matching quizzes found
Score Distribution
Percent of People with Each Score
Percentile by Number Answered
Your Score History
You have not taken this quiz